banner-ar

النظرية المعاصرة فى علم الاجتماع : (Record no. 64126)

MARC details
000 -الفاتح
حقل البيانات ثابتة الطول 00908nam a2200205Ia 4500
005 - وقت وتاريخ اخر تعامل مع التسجيلة
رقم الضبط 20240530110716.0
008 - عناصر البيانات ثابتة الطول - معلومات عامة
حقل البيانات ثابتة الطول 140319s2011 ju a 000 0 ara d
017 ## - رقم الايداع القانونى
رقم الايداع القانونى 211/1/206
المصدر ( الهيئة المختصة) الاردن . دائرة المكتبة الوطنية
040 ## - مصدر الفهرسة
وكالة الفهرسة الأصلية GCL /
وكالة النسخ GCL
082 04 - رقم تصنيف ديوى العشرى
رقم الطبعة 21
رقم التصنيف 301\
رقم المادة و ن
100 1# - المدخل الرئيسى - إسم شخصى
الإسم الشخصى والاس ، رث
245 12 - بيان العنوان
العنوان النظرية المعاصرة فى علم الاجتماع :
بقية العنوان تمدد افاق النظرية الكلاسيكية /
بيان المسئوليه,etc رث والاس ، السون وولف ؛ ترجمة محمد عبدالكريم الحورانى .
250 ## - بيان الطبعة
بيان الطبعة ط.1
260 ## - PUBLICATION, DISTRIBUTION, ETC. (IMPRINT)
تاريخ النشر أو التوزيع 2010 .
300 ## - الوصف المادى
التعداد 704 ص. ؛
أبعاد الوعاء 24 سم.
650 07 - المدخل الاضافى بالموضوع-مصطلح موضوعى
مصدر الرأس أو المصطلح qrmak
مصطلح موضوعي الاجتماع ، علم
700 0# - المدخل الاضافى - اسم شخصى
الإسم الشخصى السون وولف
الدور مؤلف مشارك
700 0# - المدخل الاضافى - اسم شخصى
الإسم الشخصى محمد عبدالكريم الحورانى
الدور مترجم
942 ## - عناصر المدخل الإضافي( كوها)
مصدر التصنيف او مخطط الترفيف Dewey Decimal Classification
Koha [default] item type كتاب
260 ## - PUBLICATION, DISTRIBUTION, ETC. (IMPRINT)
-- عمان :
-- دار مجدلاوى للنشر والتوزيع ،
Holdings
حالة التراجع حالة الفقد حالة تلف ليس للاعارة المكان المؤقت الموقع الحالى موقع الترفيف تاريخ الاكتساب اجمالي اﻻعارات رقم الطلب الباركود تاريخ اخر مشاهدة تاريخ تفعيل السعر نوع وعاء كوها
        مكتبة القاهرة الكبرى مكتبة القاهرة الكبرى القاعة الرئيسية 02/21/2018   301\ و ن 164265 02/21/2018 02/21/2018 كتاب

Powered By

EGPV